Special Lectures 2001 Constitutional and Administrative Law

Bibliographic Details
Format: eBook
Language:English
Published: Toronto: Irwin Law Inc., 2002
Subjects:
Online Access:Acceso restringido

MARC

LEADER 00000nam a22000007a 4500
005 2021083105545.0
007 cr|||| ||||
008 210831s2002 ca |||||s|||| 00||0 eng d
020 |a 9781459313712 
035 |a 35317 
040 |a vLex 
090 |c 12182  |d 12182 
245 0 0 |a Special Lectures 2001  |h [Recurso electrn̤ico] :  |b Constitutional and Administrative Law 
256 |a Servicio en ln̕ea 
260 |a Toronto:  |b Irwin Law Inc.,  |c 2002 
300 |a 1 recurso electrn̤ico 
500 |a The Law Society of Upper Canada 2000 Special Lectures on constitutional and administrative law. 
506 1 |a Disponible solo en los productos indicados  |d vLex Global  |d vLex Global (Academic Edition, excluding Law Schools)  |d vLex Global (U.S. Academic Edition, Law Schools)  |d vLex Global (U.S. Academic Edition, excluding Law Schools)  |d vLex Global (Academic Edition, Law Schools) 
650 0 4 |a Derecho Pb︢lico y Administrativo  |z Canad̀ 
740 0 |a vLex Libros (Servicio en ln̕ea) 
856 4 0 |u https://app.vlex.com/#/sources/35317  |z Acceso restringido 
942 |c BOOK 
999 0 |a Public and Administrative Law